| 000 | 00707nam a2200241 4500 | ||
|---|---|---|---|
| 003 | OSt | ||
| 005 | 20240610051854.0 | ||
| 006 | a | ||
| 008 | 240610b |||||||| |||| 00| 0 eng d | ||
| 020 | _a9788120340961 | ||
| 040 |
_aDWCL-Main lib. _cOC |
||
| 082 | _aCirc. 632.65 R256m 2010 | ||
| 100 | _aRavichandra, N G | ||
| 245 | _aMethods and techniques in plant nematology / | ||
| 260 |
_aNew Delhi : _bPHI Learning Private Ltd., _cc2010. |
||
| 300 |
_axx, _b595 p. ; _c24 m. |
||
| 504 | _aIncludes bibliographical references. | ||
| 650 | _a1. Nematodes–Research. | ||
| 650 | _a2. Plant nematodes. | ||
| 650 | _a3. Soil nematodes. | ||
| 700 | _aN G Ravichandra | ||
| 942 |
_2ddc _n0 _cBK-CIRC _mCirc. |
||
| 999 |
_c453 _d453 |
||